banner koha

Trypanosoma cruzi: serum antibody reactivity to the parasite antigens in susceptible and resistant mice (Registro n. 163266)

MARC details
000 -LÍDER
campo de controle de tamanho fixo 00928nas a2200301 4500
001 - NÚMERO DE CONTROLE
campo de controle BR0000587
003 - IDENTIFICADOR DO NÚMERO DE CONTROLE
campo de controle BR-BrBNA
005 - DATA E HORÁRIO DA ÚLTIMA TRANSAÇÃO
campo de controle 20231205101703.0
007 - CAMPO FIXO DE DESCRIÇÃO FÍSICA--INFORMAÇÃO GERAL
campo de controle de tamanho fixo ta
008 - CAMPO DE DADOS FIXOS--INFORMAÇÃO GERAL
campo de controle de tamanho fixo 230509b bl.|||p| |||| 00| 00por d
040 ## - FONTE DA CATALOGAÇÃO
Instituição da catalogação original BR-BrBNA
Idioma da catalogação por
Instituição que transcreveu o registro Biblioteca Nacional de Agricultura
041 ## - CÓDIGO DE IDIOMA
Código do idioma do texto/trilha sonora ou título diferente (En)
072 ## - CÓDIGO DE CATEGORIA DE ASSUNTO
Código de Categoria de Assunto L73
100 1# - ENTRADA PRINCIPAL--NOME PESSOAL
Nome pessoal Gaspari, E.N. de
100 1# - ENTRADA PRINCIPAL--NOME PESSOAL
Nome pessoal Umezawa, E.S.
100 1# - ENTRADA PRINCIPAL--NOME PESSOAL
Nome pessoal Zingales, B.
100 1# - ENTRADA PRINCIPAL--NOME PESSOAL
Nome pessoal Stolf, A.M.S.
100 1# - ENTRADA PRINCIPAL--NOME PESSOAL
Nome pessoal Colli, W.
100 1# - ENTRADA PRINCIPAL--NOME PESSOAL
Nome pessoal Abrahamsohn, I.A.
245 1# - TÍTULO
Título Trypanosoma cruzi: serum antibody reactivity to the parasite antigens in susceptible and resistant mice
650 ## - ASSUNTO--TERMO TÓPICO
Cabeçalho tópico ou nome geográfico Doenca de Chagas
650 ## - ASSUNTO--TERMO TÓPICO
Cabeçalho tópico ou nome geográfico Anticorpo
650 ## - ASSUNTO--TERMO TÓPICO
Cabeçalho tópico ou nome geográfico Imunologia
650 ## - ASSUNTO--TERMO TÓPICO
Cabeçalho tópico ou nome geográfico Analise de Laboratorio
773 0# - ENTRADA ANALÍTICA
Título Memorias do Instituto Oswaldo Cruz (Brazil)
ISSN - International Standard Serial Number ISSN 0074-0276
Partes relacionadas (Jul-Sep 1990), v. 85(3) p. 261-270
Número de controle do registro BR0000587
909 ## -
-- 202311
-- Lúcia
-- 55
-- Lúcia Elande
942 ## - ELEMENTOS DE ENTRADA ADICIONADOS (KOHA)
Fonte da classificação ou esquema de arquivamento na estante Classificação AGRIS
Ocultar no OPAC Não
Tipo de material Koha Analítica
Exemplares
Situação do descarte Fonte da classificação ou esquema de arquivamento na estante Situação física Não pode ser emprestado Biblioteca de origem Biblioteca atual Localização na estante Enumeração do periódico / cronologia Total de empréstimos Data de último acesso Número do exemplar Tipo de material Koha Fonte de aquisição
  Classificação AGRIS   Consulta local Biblioteca Nacional de Agricultura - Binagri Biblioteca Nacional de Agricultura - Binagri   (Jul-Sep 1990), v. 85(3) p. 261-270   29/11/2023 01 Periódicos Portaria Interministerial nº 164/94

BINAGRI

Telefone: (61)3218-2567/2388/3357/2097 - binagri@agro.gov.br

Ministério da Agricultura e Pecuária , Esplanada dos Ministérios, Bloco D, Anexo B, Brasília/DF, CEP: 70.043-900